[Event "5th Mediterranean Open"]
[Site "Rijeka CRO"]
[Date "2011.11.19"]
[Round "9.6"]
[White "Baron,Ta"]
[Black "Lazic,Mir"]
[Result "1/2-1/2"]
[WhiteElo "2504"]
[BlackElo "2459"]

1.d4 d5 2.c4 c6 3.Nc3 Nf6 4.Nf3 e6 5.e3 Nbd7 6.Bd3 Bd6 7.e4 dxe4 8.Nxe4 Nxe4
9.Bxe4 e5 10.O-O O-O 11.dxe5 Nxe5 12.Nxe5 Bxe5 13.Bxh7+ Kxh7 14.Qh5+ Kg8
15.Qxe5 Re8 16.Qf4 Qd3 17.b3 Re4 18.Qc7 Rg4 19.Be3 Qe4 20.Qd8+ Kh7 21.g3 Bf5
22.Qd2 Qf3 23.Qd1 Qxd1 24.Raxd1 a5 25.f3 Rg6 26.g4 a4 27.b4 Be6 28.Rd4 b5
29.cxb5 cxb5 30.a3 Re8 31.Kf2 Bc4 32.Rc1 Rge6 33.Rc3 Re5 34.h3 R8e7 35.Rd1 R5e6
36.Rd8 Rc6 37.f4 Rcc7 38.Rc1 Red7 39.Rd1 Rxd1 40.Rxd1 Bb3 41.Rc1 Rxc1 42.Bxc1 g6
43.Bb2 f5 44.gxf5 gxf5 45.Ke3 Kg6  1/2-1/2

[Event "WYCC U14 Open"]
[Site "Caldas Novas BRA"]
[Date "2011.11.20"]
[Round "3"]
[White "Bluebaum,M"]
[Black "Cuellar,Di"]
[Result "1-0"]
[WhiteElo "2403"]
[BlackElo "2179"]

1.d4 d5 2.c4 c6 3.Nc3 Nf6 4.e3 e6 5.Nf3 Nbd7 6.Bd3 dxc4 7.Bxc4 b5 8.Bd3 a6
9.e4 c5 10.d5 c4 11.Bc2 Qc7 12.O-O Bc5 13.Qe2 e5 14.Nh4 Bb7 15.Kh1 O-O-O
16.Bd2 Ne8 17.b4 Bd4 18.a4 Nd6 19.axb5 Bxc3 20.Bxc3 Nxb5 21.Qd2 g6 22.Ba4 Nxc3
23.Bxd7+ Rxd7 24.Qxc3 f5 25.Nf3 Re8 26.Ng5 fxe4 27.Ne6 Rxe6 28.dxe6 Rd4 29.Rad1 Rd3
30.e7 Kd7 31.Rfe1 Ke8 32.Rxd3 exd3 33.Rxe5  1-0

[Event "TCh-FIN SM-Liiga 2011-12"]
[Site "Sastamala FIN"]
[Date "2011.11.20"]
[Round "6.3"]
[White "Virtanen,A"]
[Black "Pohjala,H"]
[Result "0-1"]
[WhiteElo "2348"]
[BlackElo "2263"]

1.d4 d5 2.c4 c6 3.Nf3 Nf6 4.e3 e6 5.Nc3 Nbd7 6.Qc2 a6 7.Bd3 dxc4 8.Bxc4 b5
9.Be2 Bb7 10.O-O c5 11.a3 Rc8 12.dxc5 Bxc5 13.b4 Bd6 14.Bb2 O-O 15.Rfd1 Qe7
16.Qd3 Bb8 17.Qd4 Rfd8 18.Qh4 e5 19.Ng5 h6 20.Nge4 Qe6 21.Bf3 Nxe4 22.Nxe4 Bxe4
23.Bxe4 Nf6 24.Bb7 Rxd1+ 25.Rxd1 Qb3 26.Rf1 Rd8 27.Bc1 Rd1  0-1

[Event "Egyptian Open 2011"]
[Site "Cairo EGY"]
[Date "2011.11.21"]
[Round "3"]
[White "Abdel Razik,K"]
[Black "Anwar,A"]
[Result "1-0"]
[WhiteElo "2432"]
[BlackElo "2128"]

1.d4 d5 2.Nf3 Nf6 3.c4 e6 4.Nc3 c6 5.e3 Be7 6.Bd3 Nbd7 7.O-O O-O 8.b3 b6
9.Bb2 Bb7 10.Rc1 Rc8 11.cxd5 exd5 12.Bf5 g6 13.Bh3 Ba6 14.Re1 Rc7 15.Ne5 Bb7
16.a3 Bd6 17.f4 Bc8 18.b4 Re8 19.b5 Nb8 20.Bxc8 Rxc8 21.Qa4 c5 22.Qxa7 Re7
23.Qa4 c4 24.Qc2 Ra7 25.e4 Bf8 26.f5 dxe4 27.Nxe4 c3 28.Nxf6+ Qxf6 29.fxg6 hxg6
30.Qe4 Qe6 31.Rxc3 Rxc3 32.Bxc3 Rxa3 33.d5 Bc5+ 34.Kh1 Qf5 35.Qc4 Nd7 36.Nxd7 Qxd7
37.d6 Bxd6 38.Qd4 Rxc3 39.Qxc3 Qxb5 40.Qf6 Bc5 41.Qd8+ Kg7 42.Qd5 Qa6 43.Qe5+ Kg8
44.h3 Qc8 45.Ra1 Qd8 46.Rf1 Qd7 47.Qf6 Qe7 48.Qc6 Kg7 49.Qd5 Qc7 50.Qc4 Qd7
51.Qb3 Qc7 52.Qc3+ Kg8 53.Ra1 Qd8 54.Qf3 Kg7 55.Kh2 Qf6 56.Qxf6+ Kxf6 57.g4 Ke6
58.Kg2 f5  1-0

[Event "Vilnius Open 2011"]
[Site "Vilnius LTU"]
[Date "2011.11.21"]
[Round "3"]
[White "Kuciel,W"]
[Black "Janulynas,J"]
[Result "1-0"]
[WhiteElo "1995"]
[BlackElo "1816"]

1.d4 d5 2.Nf3 Nf6 3.c4 c6 4.e3 e6 5.Nc3 Nbd7 6.Qc2 Be7 7.b3 O-O 8.Bd3 Re8
9.O-O h6 10.Rd1 Qc7 11.Bb2 a6 12.e4 dxe4 13.Nxe4 Nxe4 14.Bxe4 f5 15.Bd3 Bf6
16.Re1 Kf7 17.Re2 Nf8 18.Rae1 Bd7 19.c5 Ng6 20.Bc4 Nf4 21.Qxf5 Nxe2+ 22.Rxe2 Kf8
23.Qg6 Qf4 24.Ne5 Bxe5 25.dxe5 Qf5 26.Qxf5+ exf5 27.e6 Bc8 28.Re5 g6 29.Re1 Ke7
30.Bg7 a5 31.a4 g5 32.f4 gxf4 33.h4 f3 34.Bxh6 Rg8 35.Bg5+ Rxg5 36.hxg5 fxg2
37.Kxg2 b6 38.cxb6 Rb8 39.Kf3 Rxb6 40.Kf4 Ba6 41.Bxa6 Rxa6 42.Kxf5 Rb6 43.Re3 Rb8
44.Rd3 Rf8+ 45.Ke5 Rf1 46.Rd7+ Ke8 47.Kd6 Rf5 48.g6 Rf6 49.Re7+ Kd8 50.Rf7  1-0

[Event "Femida Cup Men"]
[Site "Kharkiv UKR"]
[Date "2011.11.23"]
[Round "4"]
[White "Brodsky,M"]
[Black "Biriukov,N"]
[Result "1/2-1/2"]
[WhiteElo "2553"]
[BlackElo "2418"]

1.d4 d5 2.c4 c6 3.Nc3 Nf6 4.e3 e6 5.Nf3 Nbd7 6.Qc2 b6 7.Bd3 Bb7 8.O-O Be7
9.b3 O-O 10.Bb2 Bd6 11.Rac1 Rc8 12.Qe2 Re8 13.Rfd1 Qe7 14.cxd5 exd5 15.Nb1 Rc7
16.Nbd2 Ne4 17.Nf1 f5 18.Ng3 Qf8 19.Qf1 Kh8 20.Rc2 Re6 21.Rdc1 Rh6 22.Ne5 Nxe5
23.dxe5 Bc5 24.Bd4 Ba3 25.Rd1 c5 26.Ba1 Rf7 27.Ne2 f4 28.exf4 d4 29.f3 Rxf4
30.Nxf4 Qxf4 31.Bxe4 Qxh2+ 32.Kf2 Bxe4 33.fxe4 Qf4+ 34.Kg1 Qh2+ 35.Kf2 Qf4+
36.Kg1 Qh2+  1/2-1/2

[Event "25th Belgrade Trophy"]
[Site "Obrenovac SRB"]
[Date "2011.11.24"]
[Round "1.39"]
[White "Sarenac,I"]
[Black "Kovacevic,Boz"]
[Result "1-0"]
[WhiteElo "2327"]
[BlackElo "1884"]

1.Nf3 d5 2.c4 c6 3.e3 Nf6 4.Nc3 e6 5.d4 dxc4 6.Bxc4 b5 7.Bb3 Bb7 8.O-O Be7
9.Qe2 O-O 10.e4 b4 11.e5 bxc3 12.exf6 Bxf6 13.bxc3 Ba6 14.Bc4 Bxc4 15.Qxc4 Qd5
16.Qe2 Nd7 17.Rb1 c5 18.Ba3 Rfb8 19.Rbd1 Qh5 20.Qa6 cxd4 21.Nxd4 Ne5 22.h3 h6
23.Rb1 Rxb1 24.Rxb1 Ng6 25.Bd6 Bxd4 26.cxd4 Qd5 27.Qb7 Qxb7 28.Rxb7 Nf8 29.a4 Nh7
30.Kf1 Nf6 31.Ke2 Nd5 32.Kd3 a6 33.g3 Rc8 34.Bc5 Rc6 35.a5 h5 36.h4 g6 37.Rd7 Rc8
38.Rd6 Kg7 39.Rxa6 Rxc5 40.dxc5 Nb4+ 41.Kc4 Nxa6 42.Kb5 Nc7+ 43.Kb6  1-0

[Event "3rd Pilsen Open"]
[Site "Plzen CZE"]
[Date "2011.11.24"]
[Round "7"]
[White "Yakimenko,Alex"]
[Black "Vorobyov,Y"]
[Result "1/2-1/2"]
[WhiteElo "2260"]
[BlackElo "2200"]

1.d4 d5 2.c4 e6 3.Nc3 c6 4.e3 Nf6 5.Nf3 a6 6.cxd5 cxd5 7.a3 Nc6 8.Bd3 Bd6
9.O-O O-O 10.b4 b5 11.Bb2 Qe7 12.Rc1 Bb7 13.Qe2 Rac8 14.Nb1 Nb8 15.Nbd2 Nbd7
16.Nb3 Nb6 17.Rxc8 Rxc8 18.Rc1 Rxc1+  1/2-1/2

[Event "XII Puhajarve Handicap"]
[Site "Puhajarve EST"]
[Date "2011.11.25"]
[Round "23"]
[White "Ehlvest,J"]
[Black "Kulaots,K"]
[Result "1/2-1/2"]
[WhiteElo "2594"]
[BlackElo "2577"]

1.d4 Nf6 2.c4 e6 3.Nf3 d5 4.Nc3 c6 5.e3 Nbd7 6.Qc2 Bd6 7.Be2 O-O 8.O-O dxc4
9.Bxc4 a6 10.h3 b5 11.Bd3 Qc7  1/2-1/2

[Event "2nd Thanksgiving Open"]
[Site "Saint Louis USA"]
[Date "2011.11.25"]
[Round "1"]
[White "Shankland,S"]
[Black "Hellwig,L"]
[Result "1-0"]
[WhiteElo "2560"]
[BlackElo "2016"]

1.d4 d5 2.c4 c6 3.Nc3 Nf6 4.e3 e6 5.Nf3 Nbd7 6.Qc2 Bd6 7.b3 O-O 8.Be2 Re8
9.Bb2 dxc4 10.bxc4 e5 11.O-O exd4 12.exd4 Nf8 13.h3 Ng6 14.Rfe1 a6 15.Rad1 b5
16.c5 Bf8 17.Ne5 Qc7 18.Bf3 Bb7 19.Ne4 Nxe4 20.Bxe4 Rad8 21.g3 Kh8 22.Kg2 Nxe5
23.dxe5 Rxd1 24.Qxd1 Kg8 25.Qg4 Bc8 26.Qf3 Bxc5 27.e6 Rxe6 28.Qh5 Rxe4 29.Rxe4 Bf8
30.Re8 Bd7 31.Ra8 Qb7 32.Rd8 c5+ 33.Kg1 Qc7  1-0

[Event "45th ch-RSA 2011"]
[Site "Cape Town RSA"]
[Date "2011.11.26"]
[Round "1"]
[White "Bouah,L"]
[Black "Hercules,B"]
[Result "1-0"]
[WhiteElo "2148"]
[BlackElo "2056"]

1.d4 d5 2.c4 c6 3.Nf3 Nf6 4.Nc3 e6 5.e3 Nbd7 6.Bd3 dxc4 7.Bxc4 b5 8.Bd3 a6
9.e4 c5 10.e5 cxd4 11.Nxb5 axb5 12.exf6 gxf6 13.O-O Qb6 14.Be4 Bb7 15.Bxb7 Qxb7
16.Nxd4 Bc5 17.Qf3 Qxf3 18.Nxf3 Ke7 19.Bd2 b4 20.Rfc1 Rhc8 21.Kf1 Bd6 22.Rxc8 Rxc8
23.Ke2 f5 24.Ne1 e5 25.Kd1 Nb6 26.Nd3 Nd5 27.a3 Ra8 28.a4 e4 29.Ne1 b3 30.g3 Bc5
31.Ke2 Bd4 32.Ng2 Nb6 33.a5 Bxb2 34.Rb1 Na4 35.Ne3 Rb8 36.a6 Ke6 37.a7 Ra8
38.Nd1 Bd4 39.Rxb3 Rxa7 40.Rb4 Bc5 41.Rc4 Kd5 42.Rxa4  1-0

[Event "Vizag GM Open"]
[Site "Visakhapatnam IND"]
[Date "2011.11.26"]
[Round "5"]
[White "Chatterjee,D"]
[Black "Andriasian,Z"]
[Result "0-1"]
[WhiteElo "2335"]
[BlackElo "2619"]

1.d4 Nf6 2.c4 e6 3.Nc3 d5 4.Nf3 c6 5.e3 Nbd7 6.Bd3 dxc4 7.Bxc4 b5 8.Bd3 Bd6
9.Bd2 Bb7 10.Rc1 Rc8 11.a3 a5 12.O-O O-O 13.e4 e5 14.dxe5 Nxe5 15.Nxe5 Bxe5
16.Be3 Re8 17.Qe2 Bxc3 18.Rxc3 Nxe4 19.Bxe4 Rxe4 20.Rd1 Qe8 21.Qd2 h6 22.Rd3 c5
23.Qxa5 Qc6 24.Rd8+ Rxd8 25.Qxd8+ Re8  0-1

[Event "TCh-HUN 2011-12"]
[Site "Budapest HUN"]
[Date "2011.11.27"]
[Round "4"]
[White "Erdos,V"]
[Black "Horvath,Cs1"]
[Result "1-0"]
[WhiteElo "2608"]
[BlackElo "2517"]

1.d4 d5 2.c4 c6 3.Nf3 Nf6 4.e3 e6 5.Nc3 Nbd7 6.Qc2 Bd6 7.b3 O-O 8.Be2 b6
9.Bb2 Bb7 10.O-O Qe7 11.Rad1 Rad8 12.Rfe1 Rfe8 13.Bf1 c5 14.cxd5 exd5 15.g3 h6
16.Bh3 Nf8 17.Nh4 cxd4 18.Nf5 Qc7 19.Nxd4 Be5 20.Qb1 Ne4 21.Nce2 Qe7 22.Nf4 Bxd4
23.Bxd4 Ne6 24.Bg2 Nxd4 25.Rxd4 Rc8 26.Qd1 Nc3 27.Qd2 Qa3 28.Nxd5 Bxd5 29.Bxd5 Qxa2
30.Qxa2 Nxa2 31.Ra1 Rc2 32.Bc4 a5 33.Rd7 Rf8 34.Rb7 Rd8 35.Bxf7+ Kh8 36.Bc4 Nc3
37.Rxb6 Ne4 38.Bf1 Nxf2 39.Bg2 Re8 40.e4 Ng4 41.Rb5 Ne3 42.Bh1 Rf8 43.Rbxa5 Rb2
44.e5 Rxb3 45.Be4 Kg8 46.e6 Rfb8 47.Re1 Kf8 48.Ra7 Re8 49.Rf7+ Kg8 50.Rf3  1-0

[Event "TCh-HUN 2011-12"]
[Site "Budapest HUN"]
[Date "2011.11.27"]
[Round "4"]
[White "Bacso,G"]
[Black "Bali,E"]
[Result "1-0"]
[WhiteElo "2102"]
[BlackElo "1984"]

1.d4 d5 2.c4 e6 3.Nc3 c6 4.e3 Nf6 5.Nf3 Nbd7 6.Qc2 Bd6 7.Bd3 Qc7 8.Bd2 dxc4
9.Bxc4 b5 10.Bb3 a6 11.Rc1 Bb7 12.d5 e5 13.dxc6 Qxc6 14.Qf5 g6 15.Qg5 h6
16.Qh4 g5 17.Qh3 Nc5 18.Qf5 Nxb3 19.axb3 Nd7 20.e4 Qb6 21.O-O Qd8 22.Nd5 Bxd5
23.exd5 Qf6 24.Qe4 Nc5 25.Qe3 Nd7 26.Rc6 Ke7 27.Rfc1 Nb8 28.Rc8 Nd7 29.R8c6 Nb8
30.Rc8 Nd7 31.Rxa8 Rxa8 32.Nd4 Qf4 33.Qxf4 exf4 34.Nf5+  1-0

[Event "TCh-CZE Liga 1 Zapad"]
[Site "Czech Rep CZE"]
[Date "2011.11.27"]
[Round "4.7"]
[White "Klement,L"]
[Black "Kucera,P3"]
[Result "1/2-1/2"]
[WhiteElo "2239"]
[BlackElo "2158"]

1.d4 Nf6 2.c4 c6 3.Nc3 d5 4.Nf3 e6 5.e3 Nbd7 6.Qc2 Be7 7.g4 Bb4 8.Bd3 dxc4
9.Bxc4 b5 10.Be2 Bb7 11.Rg1 a6 12.g5 Nd5 13.Bd2 Rc8 14.e4 Nxc3 15.Bxc3 Qe7
16.O-O-O Bxc3 17.Qxc3 O-O 18.e5 c5 19.Kb1 b4 20.Qe3 c4 21.Rc1 Bd5 22.g6 fxg6
23.Ng5 Rfd8 24.Bf3 Nf8 25.Bxd5 exd5 26.f4 Ne6 27.f5 gxf5 28.h4 Rf8 29.Qf3 Rcd8
30.Qh5 Nxg5 31.Rxg5 Qe6 32.Rcg1 Rd7 33.Qf3 Kh8 34.h5 f4 35.Ka1 Rff7 36.Rg6 hxg6
37.hxg6 Kg8 38.Qh5 Rf5 39.Qh3 Kf8 40.Qh8+ Qg8 41.Qh3 Qe6 42.Qh8+  1/2-1/2

[Event "Frauenbundesliga 2011-12"]
[Site "Germany GER"]
[Date "2011.11.27"]
[Round "4.1"]
[White "Schmidt, Jessica"]
[Black "Burchardt, Brigitte"]
[Result "1-0"]
[WhiteElo "2265"]
[BlackElo "2224"]

1.d4 d5 2.Nf3 e6 3.c4 c6 4.e3 Nf6 5.Nc3 Be7 6.Qc2 O-O 7.b3 Nbd7 8.Bd3 Bd6
9.O-O Re8 10.e4 dxe4 11.Nxe4 Nxe4 12.Bxe4 h6 13.Bb2 e5 14.Rad1 exd4 15.Bxd4 Nf6
16.Bf5 Qc7 17.Bxf6 gxf6 18.Bxc8 Raxc8 19.Qf5 Be5 20.Rd7 Qa5 21.Qh5 Rf8 22.Qxh6 Rc7
23.Nxe5 Qxe5 24.Rd3  1-0

[Event "Frauenbundesliga 2011-12"]
[Site "Germany GER"]
[Date "2011.11.27"]
[Round "4.4"]
[White "Schlein, Julia"]
[Black "Stitterich, Nadine"]
[Result "0-1"]
[WhiteElo "2157"]
[BlackElo "2008"]

1.d4 d5 2.c4 e6 3.Nc3 c6 4.e3 Nf6 5.Nf3 Nbd7 6.b3 Bd6 7.Be2 O-O 8.O-O Qe7
9.Bb2 b6 10.a4 a5 11.Rc1 Bb7 12.Rc2 Rad8 13.Qa1 Rfe8 14.Rfc1 dxc4 15.Bxc4 e5
16.e4 exd4 17.Nxd4 Qe5 18.Nf3 Qh5 19.Be2 Bf4 20.Re1 Ne5 21.h3 Nxf3+ 22.Bxf3 Qg6
23.Rce2 Ba6 24.Rc2 Bd3 25.Rce2 Bxe2 26.Nxe2 Bc7 27.Nd4 Nxe4 28.Qc1 c5 29.Nb5 Bb8
30.Na3 Ng5 31.Bg4 h5 32.Be2 Nxh3+ 33.Kf1 Nf4 34.Bf3 Nd3  0-1

[Event "TCh-HUN 2011-12"]
[Site "Komarom HUN"]
[Date "2011.11.27"]
[Round "4"]
[White "Szeberenyi,A"]
[Black "Videki,S"]
[Result "1/2-1/2"]
[WhiteElo "2309"]
[BlackElo "2441"]

1.d4 d5 2.c4 c6 3.Nc3 Nf6 4.e3 e6 5.Nf3 Nbd7 6.Qc2 Bd6 7.e4 dxe4 8.Nxe4 Nxe4
9.Qxe4 c5 10.Bd2 Nf6 11.Qh4 b6 12.O-O-O Bb7 13.dxc5 bxc5 14.Bf4 Bxf4+ 15.Qxf4 Qa5
16.a3 O-O 17.Bd3 Rfd8 18.Bc2 Kf8 19.Rxd8+ Rxd8 20.Rd1 Ke7 21.Rxd8 Qxd8 22.Qe5 Qd6
23.Qxd6+ Kxd6 24.Kd2 Bxf3 25.gxf3 a5 26.Kc3 g5 27.b4 axb4+ 28.axb4 h6 29.bxc5+ Kxc5
30.Ba4 e5 31.Kd3 e4+ 32.fxe4 Ng4 33.f3 Ne5+ 34.Ke3 Nxc4+ 35.Kf2 Kd4 36.Be8 Ne5
37.Ke2 h5 38.h3 h4 39.Bb5 Ng6 40.Bd7 Nf4+ 41.Kd2 Nd3 42.Bb5 Nb2 43.Ba6 f6
44.Bb5 Ke5 45.Kc2 Kf4 46.Kxb2 Kxf3 47.Bc6 Kf4 48.Kc2 g4 49.hxg4 h3 50.e5 fxe5
51.Kd3 Kxg4  1/2-1/2

[Event "X Mario Covas"]
[Site "Santos BRA"]
[Date "2011.11.27"]
[Round "2.1"]
[White "Leitao,R"]
[Black "Rodriguez Vila,A"]
[Result "1/2-1/2"]
[WhiteElo "2626"]
[BlackElo "2481"]

1.d4 d5 2.c4 c6 3.Nc3 Nf6 4.e3 e6 5.Nf3 Bd6 6.Qc2 O-O 7.Bd3 dxc4 8.Bxc4 b5
9.Be2 a6 10.O-O Bb7 11.Rd1  1/2-1/2

[Event "3rd OCF Thanksgiving"]
[Site "Stillwater USA"]
[Date "2011.11.27"]
[Round "8.6"]
[White "Nickels,Erik J"]
[Black "Anderson,M"]
[Result "1-0"]
[WhiteElo "1732"]
[BlackElo "1837"]

1.d4 d5 2.c4 c6 3.Nc3 Nf6 4.Nf3 e6 5.e3 Bd6 6.cxd5 exd5 7.Be2 Bg4 8.O-O Qc7
9.h3 Bf5 10.Bd3 Bxd3 11.Qxd3 Nbd7 12.e4 dxe4 13.Nxe4 O-O-O 14.Bg5 Be7 15.d5 Nxe4
16.Bxe7 Ndf6 17.Bxd8 Rxd8 18.Qa3 Nxd5 19.Rfe1 f5 20.Nd4 Qb6 21.Rad1 Nf4 22.Qf3 Rxd4
23.Rxd4 Qxd4 24.Qxf4 g6 25.g4 Qc5 26.gxf5 gxf5 27.Qe3 Qc2 28.f3 Nd6 29.Qe6+ Kc7
30.Qe7+ Kb6 31.Qxd6 Qxb2 32.Qd8+ Ka6 33.Qd3+ b5 34.Qe2 Qg7+ 35.Qg2 Qd4+ 36.Qf2 Qg7+
37.Kf1 Qc7 38.Qc5 Qd7 39.Qa3+ Kb6 40.Re7 Qd1+ 41.Kg2 Qd2+ 42.Kg3 Qg5+ 43.Kf2 Qd2+
44.Re2 Qd8 45.Qe3+ Ka6 46.Qa3+ Kb6 47.Qb4 Qd5 48.Rd2 Qf7 49.Qd4+ Ka6 50.Qd6 Qc4
51.Qa3+ Kb6 52.Rd7 Qh4+ 53.Kg2 Qg5+ 54.Kf1 a5 55.Qb2 Ka6 56.Qc2 Qf6 57.Qf2 Qa1+
58.Kg2 c5 59.Qxc5 Qxa2+ 60.Kg3 Qg8+ 61.Kf4 Qb8+ 62.Kxf5 Qa8 63.Qd6+ Qc6 64.Qxc6+  1-0

[Event "45th ch-RSA 2011"]
[Site "Cape Town RSA"]
[Date "2011.11.28"]
[Round "4"]
[White "Hercules,B"]
[Black "Dole,A"]
[Result "1/2-1/2"]
[WhiteElo "2056"]
[BlackElo "2113"]

1.d4 d5 2.c4 e6 3.Nc3 c6 4.e3 Nf6 5.Nf3 Nbd7 6.Qc2 Bd6 7.g4 Nxg4 8.Rg1 f5
9.h3 Ngf6 10.Rxg7 Ne4 11.Bd2 Ndf6 12.Rg2 Bd7 13.Qb3 Qc7 14.Nxe4 Nxe4 15.c5 Be7
16.Qa4 Bf6 17.Bd3 Kf7 18.O-O-O b6 19.Bxe4 fxe4 20.Ne5+ Bxe5 21.dxe5 b5 22.Qc2 Rhg8
23.Rdg1 Rxg2 24.Rxg2 Rg8 25.Rxg8 Kxg8 26.Qd1 Qxe5 27.Qg1+ Qg7 28.Qh2 e5 29.Bc3 d4
30.exd4 exd4 31.Bd2 a6 32.Qb8+ Qf8 33.Qg3+ Qg7 34.Qb8+ Qf8 35.Qg3+ Qg7 36.Qb8+  1/2-1/2

[Event "25th Belgrade Trophy"]
[Site "Obrenovac SRB"]
[Date "2011.11.28"]
[Round "5.11"]
[White "Neverov,V"]
[Black "Stamenkovic,A"]
[Result "1-0"]
[WhiteElo "2537"]
[BlackElo "2300"]

1.d4 Nf6 2.c4 c6 3.Nf3 d5 4.e3 e6 5.Nc3 Nbd7 6.Qc2 Bd6 7.b3 O-O 8.Bb2 b6
9.Bd3 Bb7 10.O-O Rc8 11.Rad1 Qe7 12.e4 dxe4 13.Nxe4 Nxe4 14.Bxe4 Nf6 15.Bd3 c5
16.d5 exd5 17.cxd5 h6 18.Rfe1 Qd8 19.Bb5 Rc7 20.Ne5 Re7 21.Nc6 Rxe1+ 22.Rxe1 Bxc6
23.dxc6 Re8 24.Rd1 Qe7 25.g3 Bc7 26.Qf5 Qe6 27.Qxe6 Rxe6 28.Bxf6 Rxf6 29.Rd7 a6
30.Bxa6 Bxg3 31.hxg3 Rxc6 32.Bb5 Rf6 33.a4 Kf8 34.Kf1 Ke8  1-0

[Event "25th Belgrade Trophy"]
[Site "Obrenovac SRB"]
[Date "2011.11.29"]
[Round "6.40"]
[White "Ratkovic,Milov"]
[Black "Kovacevic,Boz"]
[Result "1-0"]
[WhiteElo "2183"]
[BlackElo "1884"]

1.d4 d5 2.c4 c6 3.Nc3 Nf6 4.e3 e6 5.Nf3 Nbd7 6.Qc2 Bd6 7.Be2 dxc4 8.Bxc4 b5
9.Bd3 Bb7 10.O-O O-O 11.a3 a6 12.b4 a5 13.Rb1 axb4 14.axb4 Re8 15.Ng5 Bxh2+
16.Kh1 Ng4 17.Bxh7+ Kf8 18.e4 Qb8 19.Qe2 f5 20.Bg6 Nb6 21.exf5 exf5 22.Qxe8+ Qxe8
23.Bxe8 Kxe8 24.f3 Nf6 25.Re1+ Kd7 26.Ne6 Bg3 27.Nc5+ Kc7 28.Re7+ Nbd7 29.Rxg7 Bf2
30.g3 Rh8+ 31.Kg2 Bxd4 32.Ne6+  1-0

[Event "25th Belgrade Trophy"]
[Site "Obrenovac SRB"]
[Date "2011.11.29"]
[Round "6.12"]
[White "Skurikhin,D"]
[Black "Todorovic,GM"]
[Result "0-1"]
[WhiteElo "2345"]
[BlackElo "2482"]

1.d4 d5 2.c4 e6 3.Nf3 Nf6 4.Nc3 c6 5.e3 Nbd7 6.Qc2 Bd6 7.Bd3 O-O 8.O-O dxc4
9.Bxc4 Qe7 10.h3 c5 11.dxc5 Bxc5 12.e4 Bd6 13.Qe2 Ne5 14.Nxe5 Bxe5 15.f4 Bxc3
16.bxc3 Bd7 17.e5 Nd5 18.Bxd5 Qc5+ 19.Be3 Qxd5 20.Qf2 Bc6 21.Qg3 Qd3 22.Rac1 Rad8
23.Qf2 b6 24.Bd4 Rd5 25.Rcd1 Qc4 26.Rd2 Ra5 27.Re1 Bd5 28.Kh2 Rc8 29.f5 exf5
30.Qxf5 Be6 31.Qf2 Ra3 32.Rb1 Qc6 33.Qg3 Qe4 34.Rbb2 Ra5 35.Rf2 Qg6 36.Qh4 Bd5
37.Rf4 Be6 38.Qe7 h6 39.Rbf2 Rxa2 40.Rxa2 Bxa2 41.Qxa7 Bd5 42.Rg4 Qe6 43.Rg3 b5
44.Qa5 Bc4 45.Qa7 Kh7 46.Qb7 Rd8 47.Qe4+ f5 48.Qb7 Rd7 49.Qb8 g5 50.Re3 f4
51.Re1 g4 52.Qb6 g3+ 53.Kh1 Qxb6 54.Bxb6 Rd2 55.e6 Bd5 56.Re5 Bxg2+ 57.Kg1 f3  0-1

[Event "25th Belgrade Trophy"]
[Site "Obrenovac SRB"]
[Date "2011.11.29"]
[Round "6.43"]
[White "Nikolic,Br"]
[Black "Vasovski,N"]
[Result "0-1"]
[WhiteElo "2075"]
[BlackElo "2299"]

1.d4 d5 2.Nf3 Nf6 3.c4 e6 4.Nc3 c6 5.e3 Nbd7 6.Qc2 Be7 7.Bd2 O-O 8.Rg1 a6
9.g4 b5 10.g5 Nh5 11.c5 e5 12.Nxe5 Nxe5 13.dxe5 g6 14.O-O-O Bxc5 15.Bd3 Qe7
16.f4 Ng7 17.Rg2 Nf5 18.Re1 Bb4 19.e4 Nh4 20.Rg3 Bxc3 21.Qxc3 dxe4 22.Bxe4 Bf5
23.Kb1 c5 24.Rd3 Rad8 25.Bxf5 Nxf5 26.e6 fxe6 27.Re5 Rxd3 28.Qxd3 Rd8 29.Qe2 Kf7
30.Bc3 Qd6 31.b3 Qd1+ 32.Qxd1 Rxd1+ 33.Kc2 Rd5 34.Re1 Nd4+ 35.Kb1 Nf3 36.Re2 Rf5
37.Bf6 Rxf4 38.Rc2 Rf5 39.h4 h6 40.a4 hxg5 41.hxg5 Nxg5  0-1

[Event "CCSCSL Invitational"]
[Site "Saint Louis USA"]
[Date "2011.11.29"]
[Round "1.1"]
[White "Kacheishvili,G"]
[Black "Krush,I"]
[Result "1/2-1/2"]
[WhiteElo "2590"]
[BlackElo "2476"]

1.d4 d5 2.c4 c6 3.Nf3 Nf6 4.Nc3 e6 5.e3 Nbd7 6.Qc2 b6 7.Bd3 Bb7 8.O-O Be7
9.b3 O-O 10.Bb2 h6 11.Rad1 Qc7 12.Qe2 Rac8 13.Ne5 dxc4 14.bxc4 Nxe5 15.dxe5 Nd7
16.f4 Nc5 17.Bb1 Rfd8 18.Rd4 b5 19.cxb5 cxb5 20.Qc2 g6 21.Nxb5 Qb6 22.Nd6 Bxd6
23.exd6 Ne4 24.Qb3 Rxd6 25.Rxe4 Qxb3 26.axb3 Rd2 27.Bc1 Rdc2 28.Bxc2 Rxc2
29.Rb4 Rxg2+ 30.Kh1 Rf2+ 31.Kg1 Rg2+  1/2-1/2

[Event "CCSCSL Invitational"]
[Site "Saint Louis USA"]
[Date "2011.11.30"]
[Round "3.5"]
[White "Shahade,G"]
[Black "Amanov,M"]
[Result "1/2-1/2"]
[WhiteElo "2459"]
[BlackElo "2524"]

1.d4 d5 2.c4 c6 3.e3 Nf6 4.Nc3 e6 5.Nf3 Nbd7 6.Bd3 dxc4 7.Bxc4 b5 8.Bd3 a6
9.a4 Bb7 10.O-O b4 11.Ne4 c5 12.Nxf6+ Nxf6 13.dxc5 Bxc5 14.b3 O-O 15.Bb2 Be7
16.Qe2 Nd5 17.Rac1 Bf6 18.Ne5 Nc3 19.Bxc3 bxc3 20.Ng4 Be7 21.f3 Qa5 22.Qc2 h5
23.Nf2 Rac8 24.Bc4 Bf6 25.Ne4 Bxe4 26.Qxe4 Rfd8 27.Rfd1 Rd2 28.Rxd2 cxd2
29.Rd1 Rd8 30.Kf2 Qb6 31.Qc2 Qd6 32.g3 h4 33.f4 e5 34.Qf5 exf4 35.gxf4 Qc6
36.Qh5 Rd7 37.Qf3 Qxf3+ 38.Kxf3 a5 39.Ke2 Bc3 40.Rg1 Kf8 41.h3 f5 42.Be6 Re7
43.Bxf5 Bd4 44.Rg6 Bxe3 45.Re6 Bxf4 46.Rxe7 Kxe7 47.Kd1 Kd6 48.Kc2 Ke5 49.Bg4 Kd4
50.Bd1 Ke3 51.Bg4 Bd6 52.Bd1 Bc5 53.Bg4 Bb4 54.Bd1 Kf2 55.Bg4  1/2-1/2

[Event "25th Belgrade Trophy"]
[Site "Obrenovac SRB"]
[Date "2011.12.01"]
[Round "8.11"]
[White "Posedaru,B"]
[Black "Todorovic,GM"]
[Result "0-1"]
[WhiteElo "2342"]
[BlackElo "2482"]

1.d4 d5 2.c4 e6 3.Nc3 c6 4.Nf3 Nf6 5.e3 Nbd7 6.Qc2 Bd6 7.g4 dxc4 8.Bxc4 e5
9.g5 Nd5 10.Bd2 O-O 11.Nxd5 cxd5 12.Bxd5 exd4 13.O-O-O Nb6 14.Be4 Bg4 15.Nxd4 Bxd1
16.Rxd1 Qxg5 17.Nf5 Rac8 18.Bc3 Rxc3 19.bxc3 Ba3+ 20.Kb1 g6 21.f4 Qh5 22.Rg1 Rd8
23.c4 Nxc4 24.Ne7+ Bxe7 25.Qxc4 Qxh2 26.Rh1 Qd2 27.f5 Bf6 28.Bc2 Rd6  0-1

[Event "25th Belgrade Trophy"]
[Site "Obrenovac SRB"]
[Date "2011.12.01"]
[Round "8.2"]
[White "Drenchev,P"]
[Black "Perunovic,Mil"]
[Result "0-1"]
[WhiteElo "2499"]
[BlackElo "2576"]

1.d4 d5 2.c4 e6 3.Nf3 Nf6 4.Nc3 c6 5.e3 Nbd7 6.Bd3 dxc4 7.Bxc4 b5 8.Bd3 a6
9.e4 c5 10.e5 cxd4 11.Nxb5 axb5 12.exf6 gxf6 13.O-O Qb6 14.Qe2 Bb7 15.Bxb5 Rg8
16.Bf4 Bd6 17.Bxd6 Qxd6 18.Rfd1 Ke7 19.Bxd7 Qxd7 20.Rxd4 Bd5 21.Nh4 Kf8 22.Qd2 Rg5
23.g3 Ra4 24.b3 Rxd4 25.Qxd4 Re5 26.Qb4+ Kg7 27.Qg4+ Kh8 28.Qd4 Qe7 29.Ng2 Ba8
30.Qb6 Kg7 31.Qa6 Qd8 32.Qc4 Qd7 33.Qf1 Qb7 34.h3 Re2 35.Kh2 Qf3 36.Kg1 f5
37.a4 f4 38.gxf4 Qxh3 39.Rc1 Bf3 40.Rc5 h6  0-1

[Event "Porec Open 2011"]
[Site "Porec CRO"]
[Date "2011.12.01"]
[Round "1.20"]
[White "Savli,Marko"]
[Black "Vidic,M SLO"]
[Result "0-1"]
[WhiteElo "1680"]
[BlackElo "2068"]

1.d4 Nf6 2.c4 c6 3.Nc3 d5 4.e3 e6 5.Nf3 Nbd7 6.Bd3 dxc4 7.Bxc4 b5 8.Bd3 a6
9.O-O c5 10.Ne4 Bb7 11.Qc2 Rc8 12.Nxf6+ Nxf6 13.Qe2 cxd4 14.Nxd4 Qb6 15.b3 Be7
16.Bb2 O-O 17.Rac1 Nd5 18.Rfd1 Bf6 19.a3 Rfd8 20.b4 Rxc1 21.Rxc1 Nf4 22.exf4 Bxd4
23.Bxd4 Rxd4 24.Qc2 g6 25.g3 Qd6 26.Bf1 Qd5 27.f3 Qxf3 28.Bg2 Qe3+ 29.Kh1 Bxg2+  0-1

[Event "Rapport-Ragger Match"]
[Site "Szombathely HUN"]
[Date "2011.12.01"]
[Round "3"]
[White "Rapport,R"]
[Black "Ragger,M"]
[Result "1/2-1/2"]
[WhiteElo "2534"]
[BlackElo "2662"]

1.d4 d5 2.c4 c6 3.e3 Nf6 4.Nc3 e6 5.Nf3 Nbd7 6.Qc2 Bd6 7.b3 O-O 8.Be2 b6
9.O-O Bb7 10.Bb2 Qe7 11.Rfe1 Rad8 12.e4 Nxe4 13.Nxe4 dxe4 14.Qxe4 f5 15.Qe3 c5
16.Ng5 e5 17.dxe5 Nxe5 18.f4 h6 19.Bh5 hxg5 20.fxe5 Bc7 21.Bg6 g4 22.Qf4 Bc6
23.Rad1 Be4 24.h3 Qh4 25.hxg4 fxg4 26.Qxe4 Qf2+ 27.Kh2 Qh4+ 28.Kg1 Qf2+ 29.Kh2 Qh4+  1/2-1/2

[Event "Final Russian Rapid GP"]
[Site "Apatity RUS"]
[Date "2011.12.02"]
[Round "1.2"]
[White "Zakhartsov,Vi"]
[Black "Jakovenko,D"]
[Result "1/2-1/2"]
[WhiteElo "2580"]
[BlackElo "2729"]

1.d4 d5 2.c4 c6 3.Nc3 Nf6 4.e3 e6 5.Nf3 Nbd7 6.Qc2 Bd6 7.Bd3 O-O 8.O-O dxc4
9.Bxc4 b5 10.Bd3 Bb7 11.a3 a5 12.e4 e5 13.dxe5 Nxe5 14.Nxe5 Bxe5 15.h3 Ba6
16.Rb1 b4 17.Bxa6 Rxa6 18.Ne2 Qe7 19.Bg5 Bb8 20.Qc4 Rb6 21.Be3 Rb7 22.Bc5 Bd6
23.Bxd6 Qxd6 24.Rfd1 Qe7 25.Ng3 bxa3 26.bxa3 Rxb1 27.Rxb1 Qxa3 28.Qxc6 Qe7
29.f4 Qd7 30.Qxd7 Nxd7 31.Rb7 Nc5 32.Ra7 a4 33.Ra5 Nd3 34.Ne2 Re8 35.g3 f6
36.Nc3 Rc8 37.Nxa4 Rc4  1/2-1/2

[Event "Porec Open 2011"]
[Site "Porec CRO"]
[Date "2011.12.02"]
[Round "3.22"]
[White "Curko,Djanino"]
[Black "Kukurin,Luka"]
[Result "0-1"]
[WhiteElo "1525"]
[BlackElo "1787"]

1.d4 d5 2.Nf3 Nf6 3.c4 c6 4.Nc3 e6 5.e3 Bd6 6.Be2 O-O 7.c5 Bc7 8.O-O Nbd7
9.Qc2 e5 10.b4 e4 11.Ne1 Re8 12.h3 h6 13.a4 Nh7 14.b5 Qg5 15.f4 exf3 16.Nxf3 Qe7
17.Bd3 Nhf6 18.Bd2 Ne4 19.Bxe4 dxe4 20.Nxe4 Qxe4 21.Qxe4 Rxe4  0-1